Produkcia úžitkovej fytomasy v rôznych ekosystémoch

Bibliographic Details
Main Author: Fazekašová, Danica, 1955- (Author)
Format: Article
Language:Slovak
ISBN:8096742019

MARC

LEADER 00000naa a2200000uu 4500
001 vtls011081054
003 SK-MaSNL
005 20260302112333.0
008 210910|1995 xo |||||||||||||||||slo|
015 |a SNBRA 
035 |a (urnnbn)urn:nbn:sk:snk:ar-a0cija 
035 |a (uuid)e6e49c7d-5f05-42ac-982f-a6acb95fdf44 
035 |a urn:nbn:sk:snk-aavoj5 
040 |a SNKBUCL  |b slo  |c SNKBUCL  |e AACR2 
041 0 |a slo 
044 |a xo  |c SK 
100 1 |a Fazekašová, Danica,  |d 1955-  |4 aut  |9 191248 
245 1 0 |a Produkcia úžitkovej fytomasy v rôznych ekosystémoch  |c D. Fazekašová 
773 0 |t Biomass and energy  |d Zvolen : Lesoprojekt, 1995  |g S. 75-78  |z 8096742019 
958 |a OND 
958 |a article12 
958 |a chapter 
999 |c 1251237  |d 1253167